| LEADER | 00356cam a2200133 7i4500 | ||
|---|---|---|---|
| 001 | 0000021082 | ||
| 005 | 20080415090000.0 | ||
| 090 | 0 | 0 | |a T 382.7 |b ICE [ICLD] |
| 245 | 0 | 0 | |a Iceland customs tariff 2008. |
| 260 | 0 | 0 | |a [S.I]: |b [s.n], |c 2008. |
| 300 | # | # | |a 536 p. |
| 650 | 0 | 0 | |a Tariff -- |z Iceland |
| 651 | 0 | 0 | |a Iceland |
| 999 | |a 0000022243 |b Book |c Tariffs |e Business Information Centre | ||